Movies Quiz

Random Movies or Lyrics Quiz

Guess song's title of these Lion King lyrics Quiz Stats

 Plays Quiz not verified by Sporcle

Also try: Actors Kill Actors
Challenge
Share
Tweet
Embed
Score 0/13 Timer 04:00
0 Plays Today
% Correct
Hakuna matata
86.5%
I just can't wait to be king
84.4%
Can you feel the love tonight
78%
We are one
65.8%
Circle of life
60.9%
He lives in you
55.4%
Love will find a way
51%
Upendi
50.7%
My lullaby
49.7%
The morning report
30.4%
The lion sleeps tonight
15.6%
Shadowland
14.6%
Endless night
10.1%

You're not logged in!

Compare scores with friends on all Sporcle quizzes.
Join for Free
OR
Log In

You Might Also Like...

Show Comments

Extras

Created Mar 8, 2013ReportNominate
Tags:Lyrics Quiz, ost, The Lion King

Top Quizzes Today


Score Distribution

Your Account Isn't Verified!

In order to create a playlist on Sporcle, you need to verify the email address you used during registration. Go to your Sporcle Settings to finish the process.

Report this User

Report this user for behavior that violates our Community Guidelines.

Details: